[Shiffman-Jarvik smoking withdrawal questionnaire /

Bibliographic Details
Main Author: Shiffman, Saul
Other Authors: Jarvik, Murray E.
Format: Microform Book
Language:English
Published: [United States?] : [publisher not identified], [1976?]
Series:Tests in microfiche ; no. TC19310.
Subjects:

MARC

Tag First Indicator Second Indicator Subfields
LEADER 00000cam a2200000Ia 4500
001 in00001710285
005 20151024150719.0
007 he bmb024baca
008 980804s1976 xxu b 000 0 eng d
035 |a (OCoLC)ocm39638627 
040 |a OKX  |c OKX  |d TXA  |d UtOrBLW 
049 |a TXAM 
050 4 |a LB1131.5  |b .T478x no., TC019310 
099 |a fiche  |a S  |a 458 no.TC019310 
100 1 |a Shiffman, Saul. 
245 1 0 |a [Shiffman-Jarvik smoking withdrawal questionnaire /  |c by Saul M. Shiffman and Murray E. Jarvik]. 
246 1 |i Caption on 1st microfiche frame of text:  |a Instructions for the Shiffman-Jarvik smoking withdrawal questionnaire 
264 1 |a [United States?] :  |b [publisher not identified],  |c [1976?] 
300 |a 5 unnumbered pages 
336 |a text  |b txt  |2 rdacontent 
337 |a microform  |b h  |2 rdamedia 
338 |a microfiche  |b he  |2 rdacarrier 
500 |a Title taken from microfiche label supplied by Educational Testing Service. 
500 |a Author statement derived from Tests in microfiche. Set W annotated index (Dec. 1997). 
505 0 |a Instructions for the Shiffman-Jarvik smoking withdrawal questionnaire -- [Questionnaire form]. 
533 |a Microfiche.  |b Princeton, N.J. :  |c Educational Testing Service,  |d [1997].  |e 1 microfiche : negative.  |f (Tests in microfiche. Set W ; TC019310). 
500 |a Microform. 
650 0 |a Tobacco  |x Physiological effect  |x Examinations, questions, etc. 
700 1 |a Jarvik, Murray E. 
830 0 |a Tests in microfiche ;  |v no. TC19310. 
948 |a cataloged  |b h  |c 2002/8/30  |d c  |e ceaton  |f 1:23:30 pm 
994 |a E0  |b TXA 
999 |a MARS 
999 f f |s bb711c07-2542-3891-a89d-f2a1cb0708b3  |i 415c41c4-17f5-3f36-9930-6e11bb4e1b24  |t 0 
952 f f |p normal  |a Texas A&M University  |b College Station  |c Sterling C. Evans Library  |d Evans: Microforms (3rd floor)  |t 0  |e fiche S 458 no.TC019310  |h Other scheme  |i microform -- microfiche  |m A14829028187 
998 f f |a fiche S 458 no.TC019310  |t 0  |l Evans: Microforms (3rd floor)